[Event "DEM U14w 2021"]
[Site "Willingen GER"]
[Date "2021.08.24"]
[Round "3"]
[White "Glowiak, Alexandra"]
[Black "Peglau, Charis"]
[Result "0-1"]
[Termination "normal"]
[Board "5"]
[WhiteElo "1413"]
[BlackElo "1827"]
[WhiteClock "00:12:12"]
[BlackClock "00:11:01"]
[PlyCount "154"]
[WhiteFideId "16259530"]
[BlackFideId "16219996"]
[EventCountry "GER"]
[EventRounds "9"]
[EventType "swiss"]
[EventDate "2021.08.22"]

1. e4 {[%clk 01:30:57]} {[%emt 00:00:02]} e6 {[%clk 01:30:51]} {[%emt
00:00:09]} 2. d4 {[%clk 01:31:20]} {[%emt 00:00:07]} b6 {[%clk 01:31:17]}
{[%emt 00:00:05]} 3. Nc3 {[%clk 01:30:06]} {[%emt 00:01:43]} Bb7 {[%clk
01:31:36]} {[%emt 00:00:10]} 4. Nge2 {[%clk 01:27:47]} {[%emt 00:02:49]} Nf6
{[%clk 01:23:18]} {[%emt 00:08:49]} 5. Ng3 {[%clk 01:20:20]} {[%emt 00:07:56]}
Bb4 {[%clk 01:21:33]} {[%emt 00:02:16]} 6. f3 {[%clk 01:17:56]} {[%emt
00:02:54]} c5 {[%clk 01:18:02]} {[%emt 00:04:00]} 7. Be3 {[%clk 01:09:52]}
{[%emt 00:08:33]} cxd4 {[%clk 01:15:40]} {[%emt 00:02:52]} 8. Bxd4 {[%clk
01:07:06]} {[%emt 00:03:16]} Nc6 {[%clk 01:15:25]} {[%emt 00:00:46]} 9. a3
{[%clk 01:05:21]} {[%emt 00:02:16]} Be7 {[%clk 01:11:07]} {[%emt 00:04:47]} 10.
Bf2 {[%clk 01:01:35]} {[%emt 00:04:16]} O-O {[%clk 01:08:54]} {[%emt 00:02:42]}
11. Bc4 {[%clk 00:56:51]} {[%emt 00:05:14]} Rc8 {[%clk 01:06:30]} {[%emt
00:02:55]} 12. Ba2 {[%clk 00:56:23]} {[%emt 00:00:57]} Na5 {[%clk 01:03:50]}
{[%emt 00:03:11]} 13. e5 {[%clk 00:52:19]} {[%emt 00:04:34]} Ne8 {[%clk
01:03:09]} {[%emt 00:01:10]} 14. O-O {[%clk 00:49:41]} {[%emt 00:03:08]} Bxa3
{[%clk 01:01:17]} {[%emt 00:02:23]} 15. Na4 {[%clk 00:38:29]} {[%emt 00:11:41]}
Be7 {[%clk 00:59:55]} {[%emt 00:01:53]} 16. Nc3 {[%clk 00:35:38]} {[%emt
00:03:20]} d6 {[%clk 00:49:24]} {[%emt 00:11:02]} 17. exd6 {[%clk 00:32:45]}
{[%emt 00:03:22]} Nxd6 {[%clk 00:49:15]} {[%emt 00:00:39]} 18. Qe2 {[%clk
00:31:23]} {[%emt 00:01:53]} Bf6 {[%clk 00:46:31]} {[%emt 00:03:14]} 19. Be1
{[%clk 00:27:27]} {[%emt 00:04:25]} Qc7 {[%clk 00:45:32]} {[%emt 00:01:31]} 20.
Bb3 {[%clk 00:25:52]} {[%emt 00:02:04]} Rfd8 {[%clk 00:44:59]} {[%emt
00:01:02]} 21. Rb1 {[%clk 00:25:21]} {[%emt 00:01:02]} Ndc4 {[%clk 00:39:11]}
{[%emt 00:06:17]} 22. Kh1 {[%clk 00:21:50]} {[%emt 00:04:02]} Nxb3 {[%clk
00:26:02]} {[%emt 00:13:39]} 23. cxb3 {[%clk 00:21:02]} {[%emt 00:01:16]} Ne5
{[%clk 00:23:51]} {[%emt 00:02:41]} 24. Nge4 {[%clk 00:17:20]} {[%emt
00:04:12]} Bxe4 {[%clk 00:19:18]} {[%emt 00:05:03]} 25. Nxe4 {[%clk 00:15:24]}
{[%emt 00:02:26]} Nd7 {[%clk 00:18:55]} {[%emt 00:00:54]} 26. Nxf6+ {[%clk
00:12:50]} {[%emt 00:03:04]} Nxf6 {[%clk 00:19:06]} {[%emt 00:00:20]} 27. Rf2
{[%clk 00:12:16]} {[%emt 00:01:02]} Nd5 {[%clk 00:16:23]} {[%emt 00:03:13]} 28.
g3 {[%clk 00:11:24]} {[%emt 00:01:22]} Qc5 {[%clk 00:13:52]} {[%emt 00:03:01]}
29. Qe4 {[%clk 00:08:31]} {[%emt 00:03:22]} Qe3 {[%clk 00:11:49]} {[%emt
00:02:33]} 30. Qxe3 {[%clk 00:07:51]} {[%emt 00:01:10]} Nxe3 {[%clk 00:12:18]}
{[%emt 00:00:02]} 31. Bd2 {[%clk 00:07:10]} {[%emt 00:01:10]} Nf5 {[%clk
00:12:14]} {[%emt 00:00:34]} 32. Bc3 {[%clk 00:07:01]} {[%emt 00:00:38]} Nd4
{[%clk 00:11:39]} {[%emt 00:01:05]} 33. b4 {[%clk 00:06:47]} {[%emt 00:00:44]}
Nb5 {[%clk 00:11:15]} {[%emt 00:00:54]} 34. Be1 {[%clk 00:05:27]} {[%emt
00:01:49]} Rc4 {[%clk 00:08:53]} {[%emt 00:02:53]} 35. Kg2 {[%clk 00:04:29]}
{[%emt 00:01:27]} Kf8 {[%clk 00:08:07]} {[%emt 00:01:18]} 36. f4 {[%clk
00:04:14]} {[%emt 00:00:45]} Nd4 {[%clk 00:07:31]} {[%emt 00:01:06]} 37. Bc3
{[%clk 00:04:02]} {[%emt 00:00:41]} Nc6 {[%clk 00:07:41]} {[%emt 00:00:20]} 38.
Rc1 {[%clk 00:02:48]} {[%emt 00:01:43]} Nd4 {[%clk 00:02:51]} {[%emt 00:05:21]}
39. h4 {[%clk 00:01:44]} {[%emt 00:01:33]} Rdc8 {[%clk 00:02:26]} {[%emt
00:00:56]} 40. Rd1 {[%clk 00:01:07]} {[%emt 00:01:06]} Nb5 {[%clk 00:02:23]}
{[%emt 00:00:35]} 41. Rd7 {[%clk 00:21:53]} {[%emt 00:09:43]} R4c7 {[%clk
00:29:25]} {[%emt 00:03:29]} 42. Rxc7 {[%clk 00:19:37]} {[%emt 00:02:45]} Rxc7
{[%clk 00:29:49]} {[%emt 00:00:07]} 43. Rc2 {[%clk 00:18:16]} {[%emt 00:01:51]}
Ke7 {[%clk 00:19:11]} {[%emt 00:11:09]} 44. Kf2 {[%clk 00:17:41]} {[%emt
00:01:03]} Nxc3 {[%clk 00:18:30]} {[%emt 00:01:12]} 45. bxc3 {[%clk 00:17:19]}
{[%emt 00:00:51]} Kd6 {[%clk 00:15:18]} {[%emt 00:03:42]} 46. c4 {[%clk
00:15:51]} {[%emt 00:01:58]} Kc6 {[%clk 00:11:50]} {[%emt 00:03:59]} 47. Ke3
{[%clk 00:14:54]} {[%emt 00:01:26]} Rd7 {[%clk 00:12:09]} {[%emt 00:00:11]} 48.
Rc1 {[%clk 00:14:50]} {[%emt 00:00:35]} b5 {[%clk 00:09:27]} {[%emt 00:03:12]}
49. c5 {[%clk 00:12:43]} {[%emt 00:02:37]} a5 {[%clk 00:09:48]} {[%emt
00:00:08]} 50. bxa5 {[%clk 00:12:07]} {[%emt 00:01:06]} Ra7 {[%clk 00:10:04]}
{[%emt 00:00:14]} 51. Kd4 {[%clk 00:11:37]} {[%emt 00:01:00]} Rxa5 {[%clk
00:10:24]} {[%emt 00:00:10]} 52. g4 {[%clk 00:11:03]} {[%emt 00:01:04]} Ra4+
{[%clk 00:10:11]} {[%emt 00:00:43]} 53. Ke3 {[%clk 00:06:54]} {[%emt 00:04:40]}
Rc4 {[%clk 00:09:04]} {[%emt 00:01:37]} 54. Rxc4 {[%clk 00:06:52]} {[%emt
00:00:31]} bxc4 {[%clk 00:09:31]} {[%emt 00:00:04]} 55. Kd4 {[%clk 00:07:14]}
{[%emt 00:00:07]} c3 {[%clk 00:09:54]} {[%emt 00:00:08]} 56. Kxc3 {[%clk
00:07:41]} {[%emt 00:00:03]} Kxc5 {[%clk 00:10:21]} {[%emt 00:00:03]} 57. Kd3
{[%clk 00:07:49]} {[%emt 00:00:21]} Kd5 {[%clk 00:10:16]} {[%emt 00:00:35]} 58.
Ke3 {[%clk 00:08:01]} {[%emt 00:00:17]} e5 {[%clk 00:06:12]} {[%emt 00:04:34]}
59. fxe5 {[%clk 00:07:46]} {[%emt 00:00:45]} Kxe5 {[%clk 00:06:41]} {[%emt
00:00:02]} 60. Kf3 {[%clk 00:07:25]} {[%emt 00:00:50]} f5 {[%clk 00:06:05]}
{[%emt 00:01:06]} 61. gxf5 {[%clk 00:07:22]} {[%emt 00:00:33]} Kxf5 {[%clk
00:06:32]} {[%emt 00:00:04]} 62. Kg3 {[%clk 00:07:09]} {[%emt 00:00:42]} h5
{[%clk 00:06:03]} {[%emt 00:01:00]} 63. Kf3 {[%clk 00:07:12]} {[%emt 00:00:26]}
g6 {[%clk 00:06:26]} {[%emt 00:00:07]} 64. Kg3 {[%clk 00:07:21]} {[%emt
00:00:21]} Ke4 {[%clk 00:06:50]} {[%emt 00:00:06]} 65. Kh3 {[%clk 00:07:42]}
{[%emt 00:00:10]} Kf3 {[%clk 00:07:08]} {[%emt 00:00:12]} 66. Kh2 {[%clk
00:08:06]} {[%emt 00:00:04]} Kg4 {[%clk 00:07:36]} {[%emt 00:00:04]} 67. Kg2
{[%clk 00:08:29]} {[%emt 00:00:06]} Kxh4 {[%clk 00:08:01]} {[%emt 00:00:06]}
68. Kh2 {[%clk 00:08:53]} {[%emt 00:00:06]} Kg4 {[%clk 00:08:12]} {[%emt
00:00:18]} 69. Kg2 {[%clk 00:09:16]} {[%emt 00:00:07]} g5 {[%clk 00:08:39]}
{[%emt 00:00:03]} 70. Kh2 {[%clk 00:09:41]} {[%emt 00:00:05]} Kf3 {[%clk
00:08:44]} {[%emt 00:00:25]} 71. Kh3 {[%clk 00:09:57]} {[%emt 00:00:13]} g4
{[%clk 00:09:10]} {[%emt 00:00:06]} 72. Kh2 {[%clk 00:10:22]} {[%emt 00:00:04]}
g3+ {[%clk 00:09:17]} {[%emt 00:00:24]} 73. Kh1 {[%clk 00:10:36]} {[%emt
00:00:16]} g2+ {[%clk 00:09:32]} {[%emt 00:00:15]} 74. Kg1 {[%clk 00:11:00]}
{[%emt 00:00:06]} h4 {[%clk 00:09:58]} {[%emt 00:00:05]} 75. Kh2 {[%clk
00:11:25]} {[%emt 00:00:05]} Kf2 {[%clk 00:10:19]} {[%emt 00:00:09]} 76. Kh3
{[%clk 00:11:48]} {[%emt 00:00:06]} g1=Q {[%clk 00:10:42]} {[%emt 00:00:07]}
77. Kxh4 {[%clk 00:12:12]} {[%emt 00:00:07]} Qg6 {[%clk 00:11:01]} {[%emt
00:00:10]} 0-1

[Event "DEM U14w 2021"]
[Site "Willingen GER"]
[Date "2021.08.24"]
[Round "3"]
[White "Bräutigam, Katerina"]
[Black "Luzgina, Anastasija"]
[Result "1/2-1/2"]
[Termination "normal"]
[Board "6"]
[WhiteElo "1738"]
[BlackElo "1548"]
[WhiteClock "00:15:07"]
[BlackClock "01:10:15"]
[PlyCount "91"]
[WhiteFideId "16242980"]
[BlackFideId "24280860"]
[EventCountry "GER"]
[EventRounds "9"]
[EventType "swiss"]
[EventDate "2021.08.22"]

1. e4 {[%clk 01:30:58]} b6 {[%clk 01:30:54]} {[%emt 00:00:06]} 2. g3 {[%clk
01:29:49]} {[%emt 00:01:39]} e6 {[%clk 01:31:00]} {[%emt 00:00:24]} 3. d4
{[%clk 01:27:56]} {[%emt 00:02:23]} Bb7 {[%clk 01:31:22]} {[%emt 00:00:08]} 4.
Bg2 {[%clk 01:28:18]} {[%emt 00:00:08]} d5 {[%clk 01:31:00]} {[%emt 00:00:53]}
5. e5 {[%clk 01:26:53]} {[%emt 00:01:54]} c5 {[%clk 01:31:17]} {[%emt
00:00:13]} 6. c3 {[%clk 01:26:48]} {[%emt 00:00:36]} Nd7 {[%clk 01:31:35]}
{[%emt 00:00:12]} 7. f4 {[%clk 01:21:58]} {[%emt 00:05:21]} Ne7 {[%clk
01:31:42]} {[%emt 00:00:21]} 8. Be3 {[%clk 01:20:16]} {[%emt 00:02:12]} Nf5
{[%clk 01:31:53]} {[%emt 00:00:18]} 9. Bf2 {[%clk 01:18:24]} {[%emt 00:02:23]}
cxd4 {[%clk 01:31:17]} {[%emt 00:01:07]} 10. cxd4 {[%clk 01:18:03]} {[%emt
00:00:51]} Bb4+ {[%clk 01:31:32]} {[%emt 00:00:13]} 11. Nd2 {[%clk 01:17:36]}
{[%emt 00:00:58]} O-O {[%clk 01:31:25]} {[%emt 00:00:37]} 12. Ne2 {[%clk
01:14:25]} {[%emt 00:03:41]} Rc8 {[%clk 01:31:15]} {[%emt 00:00:40]} 13. a3
{[%clk 01:11:20]} {[%emt 00:03:36]} Bxd2+ {[%clk 01:29:52]} {[%emt 00:01:53]}
14. Qxd2 {[%clk 01:11:31]} {[%emt 00:00:19]} Rc7 {[%clk 01:28:00]} {[%emt
00:02:20]} 15. O-O {[%clk 01:11:11]} {[%emt 00:00:50]} Qe7 {[%clk 01:28:21]}
{[%emt 00:00:09]} 16. Be1 {[%clk 01:00:05]} {[%emt 00:11:36]} Rfc8 {[%clk
01:28:08]} {[%emt 00:00:43]} 17. Nc3 {[%clk 00:59:20]} {[%emt 00:01:17]} Rc4
{[%clk 01:26:18]} {[%emt 00:02:18]} 18. Bf2 {[%clk 00:41:53]} {[%emt 00:17:59]}
a6 {[%clk 01:13:09]} {[%emt 00:13:37]} 19. g4 {[%clk 00:34:56]} {[%emt
00:07:28]} Nh6 {[%clk 01:09:34]} {[%emt 00:04:05]} 20. Bh3 {[%clk 00:15:35]}
{[%emt 00:19:51]} Kh8 {[%clk 01:08:57]} {[%emt 00:01:05]} 21. f5 {[%clk
00:14:18]} {[%emt 00:01:48]} Ng8 {[%clk 01:05:54]} {[%emt 00:03:33]} 22. f6
{[%clk 00:08:19]} {[%emt 00:06:30]} gxf6 {[%clk 01:05:54]} {[%emt 00:00:29]}
23. Bh4 {[%clk 00:08:19]} {[%emt 00:00:29]} Qf8 {[%clk 01:05:14]} {[%emt
00:01:09]} 24. exf6 {[%clk 00:06:55]} {[%emt 00:01:56]} Qh6 {[%clk 01:02:23]}
{[%emt 00:03:19]} 25. Qxh6 {[%clk 00:06:39]} {[%emt 00:00:47]} Nxh6 {[%clk
01:02:46]} {[%emt 00:00:07]} 26. Rad1 {[%clk 00:02:30]} {[%emt 00:04:39]} b5
{[%clk 00:55:42]} {[%emt 00:07:34]} 27. g5 {[%clk 00:01:58]} {[%emt 00:01:02]}
Ng8 {[%clk 00:55:59]} {[%emt 00:00:13]} 28. Rf3 {[%clk 00:01:13]} {[%emt
00:01:15]} b4 {[%clk 00:55:50]} {[%emt 00:00:40]} 29. Bf1 {[%clk 00:00:59]}
{[%emt 00:00:44]} bxc3 {[%clk 00:54:00]} {[%emt 00:02:19]} 30. Bxc4 {[%clk
00:01:19]} {[%emt 00:00:11]} dxc4 {[%clk 00:54:01]} {[%emt 00:00:29]} 31. Rxc3
{[%clk 00:01:34]} {[%emt 00:00:15]} Nb6 {[%clk 00:53:44]} {[%emt 00:00:46]} 32.
Rdc1 {[%clk 00:00:55]} {[%emt 00:01:09]} Bd5 {[%clk 00:53:23]} {[%emt
00:00:51]} 33. b3 {[%clk 00:00:38]} {[%emt 00:00:48]} a5 {[%clk 00:51:26]}
{[%emt 00:02:26]} 34. bxc4 {[%clk 00:00:56]} {[%emt 00:00:13]} Rxc4 {[%clk
00:51:46]} {[%emt 00:00:10]} 35. Rxc4 {[%clk 00:00:52]} {[%emt 00:00:33]} Nxc4
{[%clk 00:51:50]} {[%emt 00:00:26]} 36. Be1 {[%clk 00:00:33]} {[%emt 00:00:50]}
Nxa3 {[%clk 00:51:00]} {[%emt 00:01:20]} 37. Bxa5 {[%clk 00:00:53]} {[%emt
00:00:10]} Nc4 {[%clk 00:51:23]} {[%emt 00:00:06]} 38. Bb4 {[%clk 00:01:10]}
{[%emt 00:00:13]} h6 {[%clk 00:50:06]} {[%emt 00:01:46]} 39. h4 {[%clk
00:01:08]} {[%emt 00:00:33]} hxg5 {[%clk 00:41:13]} {[%emt 00:09:24]} 40. hxg5
{[%clk 00:01:05]} {[%emt 00:00:32]} Kh7 {[%clk 00:41:39]} {[%emt 00:00:04]} 41.
Rc3 {[%clk 00:22:03]} {[%emt 00:09:32]} Kg6 {[%clk 01:12:02]} {[%emt 00:00:07]}
42. Rg3 {[%clk 00:22:11]} {[%emt 00:00:21]} Nb6 {[%clk 01:10:43]} {[%emt
00:01:47]} 43. Bd2 {[%clk 00:19:54]} {[%emt 00:02:49]} Nc4 {[%clk 01:10:44]}
{[%emt 00:00:29]} 44. Bc1 {[%clk 00:16:49]} {[%emt 00:03:35]} Nxf6 {[%clk
01:09:48]} {[%emt 00:01:27]} 45. gxf6+ {[%clk 00:16:28]} {[%emt 00:00:50]} Kxf6
{[%clk 01:10:15]} {[%emt 00:00:03]} 46. Rg5 {[%clk 00:15:07]} {[%emt 00:01:50]}
1/2-1/2

[Event "DEM U14w 2021"]
[Site "Willingen GER"]
[Date "2021.08.24"]
[Round "3"]
[White "Fischer, Darja"]
[Black "Fischer, Juliane"]
[Result "1-0"]
[Termination "normal"]
[Board "7"]
[WhiteElo "1591"]
[BlackElo "1486"]
[WhiteClock "00:28:11"]
[BlackClock "00:18:28"]
[PlyCount "123"]
[WhiteFideId "16240898"]
[BlackFideId "16290135"]
[EventCountry "GER"]
[EventRounds "9"]
[EventType "swiss"]
[EventDate "2021.08.22"]

1. d4 {[%clk 01:30:58]} d5 {[%clk 01:30:52]} {[%emt 00:00:09]} 2. c4 {[%clk
01:31:24]} {[%emt 00:00:04]} e6 {[%clk 01:31:14]} {[%emt 00:00:09]} 3. Nc3
{[%clk 01:31:47]} {[%emt 00:00:06]} Nf6 {[%clk 01:31:32]} {[%emt 00:00:10]} 4.
Bg5 {[%clk 01:32:07]} {[%emt 00:00:11]} Be7 {[%clk 01:31:45]} {[%emt 00:00:16]}
5. cxd5 {[%clk 01:31:52]} {[%emt 00:00:46]} exd5 {[%clk 01:31:49]} {[%emt
00:00:26]} 6. Qc2 {[%clk 01:31:57]} {[%emt 00:00:25]} Nbd7 {[%clk 01:31:32]}
{[%emt 00:00:46]} 7. e3 {[%clk 01:32:05]} {[%emt 00:00:23]} O-O {[%clk
01:31:34]} {[%emt 00:00:28]} 8. Bd3 {[%clk 01:31:46]} {[%emt 00:00:49]} Re8
{[%clk 01:31:18]} {[%emt 00:00:46]} 9. O-O-O {[%clk 01:29:20]} {[%emt
00:02:56]} Nf8 {[%clk 01:30:46]} {[%emt 00:01:01]} 10. Kb1 {[%clk 01:28:26]}
{[%emt 00:01:25]} c6 {[%clk 01:29:32]} {[%emt 00:01:44]} 11. Bxf6 {[%clk
01:21:14]} {[%emt 00:07:41]} Bxf6 {[%clk 01:29:53]} {[%emt 00:00:10]} 12. h3
{[%clk 01:20:19]} {[%emt 00:01:25]} b5 {[%clk 01:21:37]} {[%emt 00:08:46]} 13.
Nf3 {[%clk 01:19:01]} {[%emt 00:01:49]} a5 {[%clk 01:20:47]} {[%emt 00:01:20]}
14. Rdg1 {[%clk 01:15:41]} {[%emt 00:03:48]} Bd7 {[%clk 01:20:09]} {[%emt
00:01:09]} 15. g4 {[%clk 01:14:47]} {[%emt 00:01:24]} g6 {[%clk 01:19:47]}
{[%emt 00:00:52]} 16. h4 {[%clk 01:12:38]} {[%emt 00:02:40]} a4 {[%clk
01:16:29]} {[%emt 00:03:48]} 17. g5 {[%clk 01:08:14]} {[%emt 00:04:54]} Bg7
{[%clk 01:16:25]} {[%emt 00:00:34]} 18. h5 {[%clk 01:02:12]} {[%emt 00:06:33]}
Qa5 {[%clk 01:09:16]} {[%emt 00:07:40]} 19. Ne2 {[%clk 00:54:12]} {[%emt
00:08:29]} b4 {[%clk 01:03:58]} {[%emt 00:05:49]} 20. Qd1 {[%clk 00:51:25]}
{[%emt 00:03:17]} c5 {[%clk 00:54:53]} {[%emt 00:09:34]} 21. dxc5 {[%clk
00:47:21]} {[%emt 00:04:35]} Qxc5 {[%clk 00:52:07]} {[%emt 00:03:17]} 22. Ned4
{[%clk 00:45:00]} {[%emt 00:02:50]} a3 {[%clk 00:41:59]} {[%emt 00:10:37]} 23.
b3 {[%clk 00:44:26]} {[%emt 00:01:06]} Ne6 {[%clk 00:36:36]} {[%emt 00:05:51]}
24. Rh4 {[%clk 00:42:51]} {[%emt 00:02:05]} Rac8 {[%clk 00:31:23]} {[%emt
00:05:43]} 25. Qd2 {[%clk 00:34:22]} {[%emt 00:09:00]} Qb6 {[%clk 00:22:44]}
{[%emt 00:09:08]} 26. hxg6 {[%clk 00:30:03]} {[%emt 00:04:49]} fxg6 {[%clk
00:21:59]} {[%emt 00:01:15]} 27. Rgh1 {[%clk 00:24:24]} {[%emt 00:06:10]} Nf8
{[%clk 00:21:16]} {[%emt 00:01:13]} 28. Nc2 {[%clk 00:23:31]} {[%emt 00:01:23]}
Bc3 {[%clk 00:16:08]} {[%emt 00:05:38]} 29. Qd1 {[%clk 00:23:12]} {[%emt
00:00:49]} Bh8 {[%clk 00:13:46]} {[%emt 00:02:51]} 30. Nxb4 {[%clk 00:18:45]}
{[%emt 00:04:59]} Bc6 {[%clk 00:12:06]} {[%emt 00:02:09]} 31. Nxc6 {[%clk
00:14:29]} {[%emt 00:04:46]} Qxc6 {[%clk 00:11:29]} {[%emt 00:01:07]} 32. Nd4
{[%clk 00:13:31]} {[%emt 00:01:28]} Qc3 {[%clk 00:10:32]} {[%emt 00:01:25]} 33.
Qc2 {[%clk 00:11:43]} {[%emt 00:02:19]} Qa5 {[%clk 00:09:40]} {[%emt 00:01:22]}
34. Qe2 {[%clk 00:10:45]} {[%emt 00:01:27]} Re7 {[%clk 00:06:33]} {[%emt
00:03:37]} 35. Qe1 {[%clk 00:09:03]} {[%emt 00:02:14]} Qc7 {[%clk 00:05:03]}
{[%emt 00:01:59]} 36. Qc1 {[%clk 00:07:24]} {[%emt 00:02:09]} Qxc1+ {[%clk
00:03:46]} {[%emt 00:01:47]} 37. Rxc1 {[%clk 00:07:46]} {[%emt 00:00:08]} Rxc1+
{[%clk 00:03:46]} {[%emt 00:00:30]} 38. Kxc1 {[%clk 00:08:13]} {[%emt
00:00:04]} Ne6 {[%clk 00:03:05]} {[%emt 00:01:11]} 39. Nxe6 {[%clk 00:05:49]}
{[%emt 00:02:53]} Rxe6 {[%clk 00:03:29]} {[%emt 00:00:06]} 40. Kd2 {[%clk
00:04:27]} {[%emt 00:01:51]} Re5 {[%clk 00:01:37]} {[%emt 00:02:22]} 41. Rg4
{[%clk 00:02:49]} {[%emt 00:02:08]} Re7 {[%clk 00:29:57]} {[%emt 00:02:09]} 42.
Ra4 {[%clk 00:32:11]} {[%emt 00:01:11]} Bb2 {[%clk 00:30:10]} {[%emt 00:00:16]}
43. b4 {[%clk 00:31:41]} {[%emt 00:01:00]} Rd7 {[%clk 00:24:10]} {[%emt
00:06:30]} 44. b5 {[%clk 00:30:45]} {[%emt 00:01:26]} d4 {[%clk 00:20:26]}
{[%emt 00:04:13]} 45. b6 {[%clk 00:30:02]} {[%emt 00:01:14]} dxe3+ {[%clk
00:20:33]} {[%emt 00:00:24]} 46. fxe3 {[%clk 00:30:02]} {[%emt 00:00:28]} Rb7
{[%clk 00:20:18]} {[%emt 00:00:45]} 47. Ra8+ {[%clk 00:29:34]} {[%emt
00:00:58]} Kf7 {[%clk 00:19:37]} {[%emt 00:01:11]} 48. Ra7 {[%clk 00:29:46]}
{[%emt 00:00:19]} Re7 {[%clk 00:19:59]} {[%emt 00:00:08]} 49. Bc4+ {[%clk
00:29:10]} {[%emt 00:01:06]} Ke8 {[%clk 00:19:31]} {[%emt 00:00:57]} 50. b7
{[%clk 00:29:08]} {[%emt 00:00:33]} Be5 {[%clk 00:19:33]} {[%emt 00:00:27]} 51.
Ra8+ {[%clk 00:27:54]} {[%emt 00:01:45]} Kd7 {[%clk 00:19:09]} {[%emt
00:00:53]} 52. b8=Q {[%clk 00:27:16]} {[%emt 00:01:08]} Bxb8 {[%clk 00:19:28]}
{[%emt 00:00:12]} 53. Rxb8 {[%clk 00:27:34]} {[%emt 00:00:12]} Re5 {[%clk
00:18:33]} {[%emt 00:01:25]} 54. Rb5 {[%clk 00:27:31]} {[%emt 00:00:34]} Re4
{[%clk 00:18:32]} {[%emt 00:00:30]} 55. Kd3 {[%clk 00:27:13]} {[%emt 00:00:48]}
Rh4 {[%clk 00:18:28]} {[%emt 00:00:34]} 56. Ra5 {[%clk 00:27:32]} {[%emt
00:00:11]} Rh5 {[%clk 00:18:11]} {[%emt 00:00:46]} 57. Rxa3 {[%clk 00:27:31]}
{[%emt 00:00:33]} Rxg5 {[%clk 00:18:31]} {[%emt 00:00:08]} 58. Ra7+ {[%clk
00:27:55]} {[%emt 00:00:07]} Kd6 {[%clk 00:18:42]} {[%emt 00:00:18]} 59. Rxh7
{[%clk 00:28:17]} {[%emt 00:00:08]} Kc5 {[%clk 00:18:23]} {[%emt 00:00:49]} 60.
a4 {[%clk 00:27:46]} {[%emt 00:01:02]} Rg4 {[%clk 00:18:22]} {[%emt 00:00:31]}
61. a5 {[%clk 00:27:48]} {[%emt 00:00:28]} Rxc4 {[%clk 00:18:28]} {[%emt
00:00:24]} 62. Rc7+ {[%clk 00:28:11]} {[%emt 00:00:07]} 1-0